000 00281nam a2200121 i 4500
001 bg
245 0 _aKierowanie gospodarcze /
_cpod red. J.Sołdaczuka.
260 _aWarszawa,
_c1981.
040 _cBPK
041 _apol
942 _cKS
008 s pl f |000 0 pol
999 _c20292
_d20292
856 _uhttp://koha.tu.koszalin.pl/cgi-bin/koha/opac-detail.pl?biblionumber=20292
_yKatalog online BPK